[Event "39th TCh-GRE"]
[Site "Eretria GRE"]
[Date "2011.07.05"]
[Round "4.13"]
[White "Poulopoulos, Ioannis"]
[Black "Georgantas, Antonios1"]
[Result "1-0"]
[WhiteElo "1923"]
[BlackElo "1729"]
[WhiteTeam "Peiraikos OS"]
[BlackTeam "Papagou"]
[WhiteFideId "4218078"]
[BlackFideId "4212894"]
[EventDate "2011.07.03"]

1. e4 d5 2. exd5 Nf6 3. Bb5+ Bd7 4. Be2 Nxd5 5. d4 Bf5 6. a3 e6 7. Nf3 Be7 8. c4
Nb6 9. Nc3 O-O 10. O-O Bf6 11. Be3 Nc6 12. h3 Bg6 13. b4 e5 14. d5 e4 15. Nd4
Nxd4 16. Bxd4 c6 17. Bxf6 Qxf6 18. Qb3 cxd5 19. Nxd5 Nxd5 20. cxd5 Rac8 21. Rac1
Qd6 22. Rfd1 Rfd8 23. Rc4 f5 24. Qc3 Rxc4 25. Qxc4 Bf7 26. Qb5 Qd7 27. Qc5 b6
28. Qc6 Qxc6 29. dxc6 Rxd1+ 30. Bxd1 Be6 31. g4 g6 32. Be2 Bc8 33. g5 Kf8 34.
Bc4 Ke7 35. Kg2 a6 36. a4 a5 37. b5 Be6 38. c7 Bd7 39. Kg3 Kd6 40. Kf4 Kxc7 41.
Bg8 Be8 42. Bxh7 Kd6 43. h4 Kc5 44. h5 e3 45. fxe3 gxh5 46. Bxf5 Kb4 47. Bc2 Bd7
48. g6 h4 49. Ke5 Be8 50. Kf4 h3 51. Kg3 Bd7 52. g7 Be6 53. Bf5 Bf7 54. e4 h2
55. Kxh2 Kc4 56. e5 Bg8 57. Bc2 Kd4 58. Bh7 Be6 59. g8=Q Bxg8 60. Bxg8 Kxe5 61.
Bb3 Kd4 62. Kg3 Kc3 63. Bd1 Kd2 64. Bh5 Ke3 65. Kg4 Ke4 66. Bg6+ Kd4 67. Kf4 Kc3
68. Ke5 Kb3 69. Kd5 Kxa4 70. Kc6 Kb4 71. Kxb6 a4 72. Kc6 Ka5 73. b6 a3 74. Bf7
Ka6 75. Bc4+ Ka5 76. b7 1-0

[Event "39th TCh-GRE"]
[Site "Eretria GRE"]
[Date "2011.07.05"]
[Round "4.13"]
[White "Koutsidis, Achilleas"]
[Black "Alexakis, Georgios"]
[Result "1/2-1/2"]
[WhiteElo "1554"]
[BlackElo "1561"]
[WhiteTeam "Papagou"]
[BlackTeam "Peiraikos OS"]
[WhiteFideId "4243080"]
[BlackFideId "4255038"]
[EventDate "2011.07.03"]

1. d4 Nf6 2. c4 e5 3. dxe5 Ng4 4. Bf4 g5 5. Bg3 Bg7 6. Nf3 Nc6 7. e3 Ngxe5 8.
Nxe5 Nxe5 9. Be2 d6 10. Nc3 Be6 11. Qa4+ Qd7 12. Qb4 O-O 13. O-O a5 14. Qb3 Ng6
15. Nb5 f5 16. f3 f4 17. Bf2 c6 18. Nd4 Bf7 19. e4 Ne5 20. Qc2 Bg6 21. Rfd1 h5
22. Qb3 Kh7 23. c5 Rf6 24. Bc4 Nxc4 25. Qxc4 d5 26. exd5 cxd5 27. Qb3 Bf7 28.
Qc2+ Bg6 29. Qd2 Bf7 30. Ne2 Re6 31. Nc3 Bxc3 32. Qxc3 a4 33. Qd3+ Rg6 34. Re1
Kg8 35. Re5 Re8 36. Rae1 Rxe5 37. Rxe5 Kf8 38. Bd4 Kg8 39. Qf5 Qxf5 40. Rxf5 Be6
41. Re5 Kf7 42. Kf2 Ke7 43. Ke2 Kd7 44. Kd3 Kc6 45. Kc3 Kb5 46. a3 Ka5 47. b3
axb3 48. Kxb3 Kb5 49. a4+ Kc6 50. Kb4 1/2-1/2

[Event "39th TCh-GRE"]
[Site "Eretria GRE"]
[Date "2011.07.05"]
[Round "4.14"]
[White "Mouroutis, Konstantinos"]
[Black "Doumas, Georgios"]
[Result "1-0"]
[WhiteElo "2257"]
[BlackElo "2014"]
[WhiteTeam "CC Patron"]
[BlackTeam "Chess Union Kalamata"]
[WhiteFideId "4204689"]
[BlackFideId "4207521"]
[EventDate "2011.07.03"]

1. d4 d5 2. Bf4 Nf6 3. Nf3 c5 4. e3 e6 5. c3 Nbd7 6. Nbd2 Be7 7. h3 b6 8. Bd3
Bb7 9. Ne5 cxd4 10. exd4 O-O 11. O-O Nxe5 12. dxe5 Nd7 13. Re1 Nc5 14. Bc2 g6
15. Nf3 Rc8 16. Nd4 Bg5 17. Qg4 Bxf4 18. Qxf4 a6 19. Rad1 Qe7 20. Re3 Nd7 21.
Qg4 Rc7 22. h4 Nc5 23. h5 Ne4 24. f3 Nc5 25. b4 Nd7 26. hxg6 hxg6 27. Bxg6 fxg6
28. Qxg6+ Kh8 29. Nxe6 d4 30. Rxd4 Rg8 31. Qh6+ Qh7 32. Qxh7+ Kxh7 33. Nxc7 1-0

[Event "39th TCh-GRE"]
[Site "Eretria GRE"]
[Date "2011.07.05"]
[Round "4.14"]
[White "Pantazis, Konstantinos"]
[Black "Kanellopoulos, Panayotis"]
[Result "0-1"]
[WhiteElo "1628"]
[BlackElo "2260"]
[WhiteTeam "Chess Union Kalamata"]
[BlackTeam "CC Patron"]
[WhiteFideId "4241231"]
[BlackFideId "4205928"]
[EventDate "2011.07.03"]

1. e4 c5 2. c3 d6 3. d4 Nd7 4. Nf3 e6 5. Bd3 Ngf6 6. O-O Be7 7. Bf4 b6 8. Nbd2
O-O 9. h3 Bb7 10. Re1 cxd4 11. cxd4 Rc8 12. Qe2 Re8 13. Rac1 Rxc1 14. Rxc1 Qa8
15. Nh2 e5 16. dxe5 dxe5 17. Bg5 a6 18. f3 Bc5+ 19. Kh1 Nh5 20. Nhf1 h6 21. Be3
Bxe3 22. Qxe3 Qd8 23. Qf2 Nc5 24. Bc4 Nf4 25. Rc2 Qf6 26. Ne3 Rd8 27. Nb1 Rd4
28. Rd2 Rxd2 29. Qxd2 b5 30. Bf1 Kh7 31. Nc3 Nfe6 32. Ng4 Qf4 33. Qxf4 exf4 34.
Ne5 f6 35. Nd3 Kg8 36. Kg1 Kf7 37. Kf2 Nxd3+ 38. Bxd3 Nc5 39. Ke2 Ke6 40. b4
Nxd3 41. Kxd3 Ke5 42. a4 bxa4 43. Nxa4 Bc6 44. Nc3 g5 45. Kc4 h5 46. Kc5 Bb7 47.
Kb6 Bc8 48. Nd5 f5 49. Ne7 fxe4 50. fxe4 Bxh3 51. gxh3 Kxe4 52. Kxa6 f3 53. b5 0-1

[Event "39th TCh-GRE"]
[Site "Eretria GRE"]
[Date "2011.07.05"]
[Round "4.14"]
[White "Genova, Ruzka"]
[Black "Toumbeli, Zoi"]
[Result "0-1"]
[WhiteTitle "WIM"]
[WhiteElo "2188"]
[BlackElo "1951"]
[WhiteTeam "Chess Union Kalamata"]
[BlackTeam "CC Patron"]
[WhiteFideId "2902273"]
[BlackFideId "4208803"]
[EventDate "2011.07.03"]

1. Nf3 Nf6 2. g3 d5 3. Bg2 e6 4. O-O b5 5. d3 Be7 6. Nbd2 Bb7 7. b3 O-O 8. Bb2
Nbd7 9. Qe1 c5 10. e4 dxe4 11. dxe4 a6 12. Qe2 Qb6 13. c4 Rfd8 14. e5 Ne8 15.
Rfe1 Nf8 16. Ne4 Rd7 17. Rad1 Rad8 18. Rxd7 Rxd7 19. h4 Bxe4 20. Qxe4 Qd8 21.
cxb5 axb5 22. Qe2 Qa5 23. a3 Nc7 24. Bf1 Qa8 25. Nd2 Qd5 26. Ne4 Qxb3 27. h5 c4
28. h6 Nd5 29. hxg7 Ng6 30. Nf6+ Bxf6 31. exf6 c3 32. Ba1 Nxf6 33. Qe3 Qxa3 34.
Bxb5 Rc7 35. Bd3 Qc5 36. Qh6 Ng4 0-1

[Event "39th TCh-GRE"]
[Site "Eretria GRE"]
[Date "2011.07.05"]
[Round "4.14"]
[White "Terzis, Filippos-Stamatis"]
[Black "Mavromihalis, Konstantinos"]
[Result "0-1"]
[WhiteElo "1713"]
[BlackElo "1816"]
[WhiteTeam "CC Patron"]
[BlackTeam "Chess Union Kalamata"]
[WhiteFideId "4227670"]
[BlackFideId "4239342"]
[EventDate "2011.07.03"]

1. e4 e6 2. d4 d5 3. exd5 exd5 4. Bd3 Bd6 5. Nf3 Nf6 6. O-O O-O 7. Bg5 Bg4 8.
Nbd2 Nbd7 9. c3 c6 10. Re1 Qc7 11. Qc2 Rfe8 12. Rac1 Bh5 13. b4 Bg6 14. a3 a5
15. Bxg6 hxg6 16. Bh4 b5 17. Bg3 a4 18. Qd3 Kf8 19. Kf1 Rxe1+ 20. Rxe1 Re8 21.
Rxe8+ Nxe8 22. Qe3 Bxg3 23. hxg3 f6 24. Qd3 Kf7 25. Nh4 Nf8 26. Nhf3 Nd6 27. Qe2
Qe7 28. Ne1 Nd7 29. Nd3 Nb6 30. Nb2 Ne4 31. Nxe4 Qxe4 32. Qxe4 dxe4 33. Ke2 Ke6
34. Kd2 Kd5 35. Kc1 Nc4 36. Nd1 f5 37. Ne3+ Nxe3 38. fxe3 Kc4 39. Kc2 g5 0-1

[Event "39th TCh-GRE"]
[Site "Eretria GRE"]
[Date "2011.07.05"]
[Round "4.15"]
[White "Istratescu, Andrei"]
[Black "Khetsuriani, Besarion"]
[Result "1-0"]
[WhiteTitle "GM"]
[BlackTitle "IM"]
[WhiteElo "2645"]
[BlackElo "2325"]
[WhiteTeam "N.O. Kalamatas Poseidon"]
[BlackTeam "S.A.S. Koropiou"]
[WhiteFideId "1200372"]
[BlackFideId "13600559"]
[EventDate "2011.07.03"]

1. e4 d6 2. d4 Nf6 3. f3 e5 4. Ne2 c6 5. c4 Be7 6. Be3 Nbd7 7. d5 cxd5 8. cxd5
Nh5 9. Qd2 h6 10. Na3 Nb6 11. Rc1 Bd7 12. g4 Bh4+ 13. Kd1 Nf6 14. Nc3 O-O 15.
Kc2 Qe7 16. b3 Rfc8 17. Kb2 Bg5 18. Be2 Bxe3 19. Qxe3 Qd8 20. h4 Nh7 21. Rcg1 f6
22. Rc1 a6 23. Nab1 Rc5 24. Rc2 Rac8 25. Rhc1 Be8 26. a4 Nf8 27. h5 Nh7 28. Na3
Nd7 29. Ka2 Ng5 30. b4 R5c7 31. a5 Nf7 32. Kb3 Rb8 33. Na4 Rxc2 34. Rxc2 b6 35.
Bxa6 bxa5 36. b5 Nf8 37. Qa7 1-0

[Event "39th TCh-GRE"]
[Site "Eretria GRE"]
[Date "2011.07.05"]
[Round "4.15"]
[White "Delithanasis, Dimitrios"]
[Black "Edouard, Romain"]
[Result "0-1"]
[BlackTitle "GM"]
[WhiteElo "2110"]
[BlackElo "2587"]
[WhiteTeam "S.A.S. Koropiou"]
[BlackTeam "N.O. Kalamatas Poseidon"]
[WhiteFideId "4200799"]
[BlackFideId "633429"]
[EventDate "2011.07.03"]

1. Nf3 Nf6 2. c4 g6 3. b4 Bg7 4. Bb2 O-O 5. d4 d6 6. e3 c5 7. dxc5 dxc5 8. Qxd8
Rxd8 9. b5 a6 10. a4 Bf5 11. Nbd2 Nd5 12. Bxg7 Nb4 13. Rc1 Kxg7 14. e4 Bg4 15.
Ne5 Be6 16. b6 f6 17. Nef3 a5 18. Be2 Nd7 19. Nb3 Rdc8 20. O-O Nxb6 21. Ra1 Bd7
22. Rfc1 Bxa4 23. Rc3 Bxb3 24. Rxb3 Nd7 25. e5 Nxe5 26. Nxe5 fxe5 27. Bf3 Ra7
28. Rd1 b6 29. Bg4 Rc6 30. Kf1 Rd6 31. Ke2 Rd4 32. Rxd4 exd4 33. Kd2 e5 34. f3
Re7 35. g3 e4 36. fxe4 Rxe4 37. Bd1 b5 38. cxb5 c4 39. Ra3 c3+ 40. Kc1 Re1 0-1

[Event "39th TCh-GRE"]
[Site "Eretria GRE"]
[Date "2011.07.05"]
[Round "4.15"]
[White "Tsekouras, Theodoros"]
[Black "Savoglou, Nikolaos"]
[Result "1/2-1/2"]
[WhiteElo "2223"]
[BlackElo "2054"]
[WhiteTeam "N.O. Kalamatas Poseidon"]
[BlackTeam "S.A.S. Koropiou"]
[WhiteFideId "4203402"]
[BlackFideId "4211677"]
[EventDate "2011.07.03"]

1. d4 e6 2. c4 Nf6 3. Nc3 Bb4 4. Bg5 c5 5. d5 Bxc3+ 6. bxc3 d6 7. e3 e5 8. Bd3
Nbd7 9. f3 h6 10. Bh4 Nf8 11. Qb1 Qa5 12. Ne2 g5 13. Bg3 Rg8 14. O-O Ng6 15. a4
Qc7 16. f4 Nh5 17. fxg5 hxg5 18. Ra2 Bg4 19. Bf5 Bxe2 20. Rxe2 Nxg3 21. hxg3 Nf8
22. Qb5+ Ke7 23. Rb2 b6 24. Bg4 Rg7 25. a5 Rb8 26. Rfb1 Nd7 27. Qc6 Kd8 28. Qa4
Ke7 29. axb6 Rxb6 30. Qxd7+ Qxd7 31. Bxd7 Kxd7 32. Rxb6 axb6 33. Rxb6 Rg6 34.
Rb7+ Ke8 35. Kf2 g4 36. Ke2 Rf6 37. Rb8+ Ke7 38. Rh8 Rg6 39. Kd3 Rf6 40. Ke2 Rg6
41. Rh4 Kf6 42. Rh8 Ke7 43. Ra8 1/2-1/2

[Event "39th TCh-GRE"]
[Site "Eretria GRE"]
[Date "2011.07.05"]
[Round "4.15"]
[White "Petraki, Maria"]
[Black "Makropoulou, Marina"]
[Result "0-1"]
[WhiteTitle "WFM"]
[BlackTitle "WGM"]
[WhiteElo "2024"]
[BlackElo "2282"]
[WhiteTeam "S.A.S. Koropiou"]
[BlackTeam "N.O. Kalamatas Poseidon"]
[WhiteFideId "4200985"]
[BlackFideId "4200187"]
[EventDate "2011.07.03"]

1. e4 e5 2. Bc4 Nf6 3. d3 Nc6 4. Nc3 Bb4 5. Ne2 d5 6. exd5 Nxd5 7. Bxd5 Qxd5 8.
O-O Qd8 9. f4 Bg4 10. Qe1 Qe7 11. h3 Bc5+ 12. Kh1 h5 13. Ne4 Bb6 14. f5 O-O-O
15. a4 a5 16. Bd2 Qd7 17. b4 axb4 18. a5 Ba7 19. a6 b5 20. f6 g6 21. Ng1 b3 22.
Qb1 Nd4 23. cxb3 Be6 24. b4 Nb3 25. Nc5 Nxc5 26. bxc5 Qxd3 27. Qxd3 Rxd3 28. Ba5
Bxc5 29. Nf3 Bd5 30. Rac1 Bd6 31. Ng5 Rg3 32. Nf3 Kd7 33. Be1 Rxf3 34. gxf3 Ra8
35. Ra1 b4 36. Rf2 Ke6 37. Rd2 Bxf3+ 38. Kg1 Be4 39. Bf2 b3 40. a7 Kxf6 41. Ra5
Bb4 42. Ra6+ Kg7 43. Rb2 Bc2 44. Rc6 Ba3 45. Rcxc2 bxc2 46. Rxc2 c5 47. Bxc5
Bxc5+ 48. Rxc5 Rxa7 49. Rxe5 Ra2 50. Rb5 Kh6 51. Rc5 Re2 52. Rc7 f6 53. Rf7 Kg5 0-1

[Event "39th TCh-GRE"]
[Site "Eretria GRE"]
[Date "2011.07.05"]
[Round "4.15"]
[White "Filopoulou, Aggeliki"]
[Black "Androni, Konstantina"]
[Result "0-1"]
[WhiteElo "1492"]
[BlackElo "1967"]
[WhiteTeam "N.O. Kalamatas Poseidon"]
[BlackTeam "S.A.S. Koropiou"]
[WhiteFideId "4219473"]
[BlackFideId "4215362"]
[EventDate "2011.07.03"]

1. e4 d5 2. exd5 Qxd5 3. Nc3 Qa5 4. d4 c6 5. Nf3 Nf6 6. Bc4 Bf5 7. Bd2 e6 8. O-O
Bb4 9. a3 Bxc3 10. Bxc3 Qc7 11. Bd3 Bxd3 12. Qxd3 O-O 13. Rfe1 Nbd7 14. Ne5 Rfd8
15. Qg3 Nd5 16. Rad1 Nxc3 17. Qxc3 Nf6 18. Qg3 Qb6 19. Qc3 Rd5 20. Nf3 Rad8 21.
Rd3 h6 22. h3 Qc7 23. Re5 c5 24. Rxd5 Rxd5 25. a4 Qf4 26. Qc4 e5 27. Rb3 b6 28.
Qa6 Qc1+ 29. Kh2 Qxc2 30. Rb5 e4 31. Qc8+ Kh7 32. Ne5 Qxf2 0-1

[Event "39th TCh-GRE"]
[Site "Eretria GRE"]
[Date "2011.07.05"]
[Round "4.15"]
[White "Diasakos, Spyridon"]
[Black "Adamos, Thomas"]
[Result "1-0"]
[WhiteElo "1625"]
[BlackElo "1763"]
[WhiteTeam "N.O. Kalamatas Poseidon"]
[BlackTeam "S.A.S. Koropiou"]
[WhiteFideId "4227530"]
[BlackFideId "4220552"]
[EventDate "2011.07.03"]

1. e4 c5 2. Nc3 Nc6 3. Bb5 d6 4. Bxc6+ bxc6 5. f4 Nf6 6. Nf3 g6 7. d3 Bg7 8. O-O
O-O 9. Qe1 Nh5 10. f5 e5 11. g4 Nf4 12. Qg3 g5 13. h4 h6 14. hxg5 hxg5 15. Kf2
Bh6 16. Bxf4 exf4 17. Qh3 Kg7 18. Rh1 Rh8 19. Rh2 Kg8 20. Rah1 f6 21. Qxh6 Rxh6
22. Rxh6 Qf8 23. Rh8+ Kf7 24. Rxf8+ Kxf8 25. Rh8+ Kg7 26. Rd8 Bb7 27. Rd7+ Kf8
28. Rxb7 a5 29. Na4 Ke8 30. Nd2 1-0

[Event "39th TCh-GRE"]
[Site "Eretria GRE"]
[Date "2011.07.05"]
[Round "4.16"]
[White "Dochev, Dimitar"]
[Black "Aggelis, Nikolaos"]
[Result "1/2-1/2"]
[WhiteTitle "IM"]
[BlackTitle "FM"]
[WhiteElo "2426"]
[BlackElo "2294"]
[WhiteTeam "Aigialeias Chess Union"]
[BlackTeam "Kallithea CC"]
[WhiteFideId "2900939"]
[BlackFideId "4213220"]
[EventDate "2011.07.03"]

1. e4 e5 2. Nf3 Nf6 3. d4 Nxe4 4. Bd3 d5 5. Nxe5 Nd7 6. Nxd7 Bxd7 7. O-O Bd6 8.
c4 c6 9. Nc3 O-O 10. cxd5 Nxc3 11. bxc3 cxd5 12. Qh5 g6 13. Qxd5 Qc7 14. Qf3
Qxc3 15. Bh6 Rfe8 16. Qf6 Bf8 17. Bxf8 Rxf8 18. Be4 Bc6 19. Rac1 Qb4 20. Bxc6
bxc6 21. Rxc6 Rad8 22. Rd1 Qa4 23. Rd2 Qb4 24. Rd1 Qa4 25. Rcc1 Qxa2 26. Ra1 Qb3
27. Rdb1 Qc4 28. Rxa7 Qxd4 29. Qxd4 Rxd4 30. g3 h5 31. h4 1/2-1/2

[Event "39th TCh-GRE"]
[Site "Eretria GRE"]
[Date "2011.07.05"]
[Round "4.16"]
[White "Gesos, Pavlos"]
[Black "Dimopoulos, Apostolos"]
[Result "1-0"]
[WhiteTitle "IM"]
[WhiteElo "2331"]
[BlackElo "1923"]
[WhiteTeam "Kallithea CC"]
[BlackTeam "Aigialeias Chess Union"]
[WhiteFideId "4200055"]
[BlackFideId "4252845"]
[EventDate "2011.07.03"]

1. c4 f5 2. g3 Nf6 3. Bg2 g6 4. d4 Bg7 5. Nc3 d6 6. Nf3 O-O 7. O-O Qe8 8. Nd5
Nxd5 9. cxd5 c6 10. Qb3 Kh8 11. Bd2 h6 12. Rac1 cxd5 13. Qxd5 Nc6 14. b4 Nd8 15.
Qb3 e6 16. Rc7 a6 17. Rfc1 Nc6 18. d5 exd5 19. Qxd5 Qd8 20. Rf7 Re8 21. Rxg7 Be6
22. Bxh6 Bxd5 23. Nh4 Ne7 24. Bxd5 Rc8 25. Rxc8 Qxc8 26. Rxe7 Rxe7 27. Nxg6+ Kh7
28. Nxe7 Qc3 29. Bg5 Qxb4 30. e3 Kg7 31. h4 b5 32. h5 Qg4 33. h6+ Kh8 34. Ng6+
Kh7 35. Nf8+ 1-0

[Event "39th TCh-GRE"]
[Site "Eretria GRE"]
[Date "2011.07.05"]
[Round "4.16"]
[White "Nikolakopoulos, Nikolaos"]
[Black "Anagnostopoulos, Konstantinos"]
[Result "1/2-1/2"]
[WhiteElo "1992"]
[BlackElo "2038"]
[WhiteTeam "Aigialeias Chess Union"]
[BlackTeam "Kallithea CC"]
[WhiteFideId "4219759"]
[BlackFideId "4251067"]
[EventDate "2011.07.03"]

1. e4 d5 2. exd5 Qxd5 3. Nc3 Qe5+ 4. Be2 c6 5. d4 Qc7 6. Nf3 Bf5 7. Ne5 Nd7 8.
Bf4 Nxe5 9. Bxe5 Qb6 10. O-O e6 11. Na4 Qa5 12. c3 Nf6 13. b4 Qd8 14. b5 Bd6 15.
bxc6 bxc6 16. Bf3 Rc8 17. Bxd6 Qxd6 18. Nc5 O-O 19. Re1 Nd5 20. Qd2 Rb8 21. Be4
Bxe4 22. Rxe4 Nf6 23. Ree1 Rb5 24. Qc2 Rfb8 25. Rab1 Qf4 26. g3 Qf3 27. a4 Rxb1
28. Rxb1 Rxb1+ 29. Qxb1 h5 30. Qd3 Qg4 31. h4 Nd5 32. Kh2 Qf5 33. Qxf5 exf5 34.
Nd7 Nxc3 35. Nb8 Nxa4 36. Nxc6 a6 37. Nb8 Kf8 38. Nxa6 Ke7 39. Kg2 Kd6 40. Nb4
Nc3 41. Kf3 Ne4 42. Ke3 Nf6 43. Kf4 g6 44. Kg5 Ne4+ 45. Kh6 Nxf2 46. Kg7 Ne4 47.
Kxf7 Nxg3 48. Kxg6 f4 49. Kg5 f3 50. Nd3 Kd5 51. Kf4 Ne4 52. Kxf3 Kxd4 53. Nf4
Nf6 54. Ng6 Nd5 55. Nf4 Nf6 1/2-1/2

[Event "39th TCh-GRE"]
[Site "Eretria GRE"]
[Date "2011.07.05"]
[Round "4.16"]
[White "Stefanidi, Maria-Anna"]
[Black "Bulmaga, Irina"]
[Result "0-1"]
[WhiteTitle "WFM"]
[BlackTitle "WIM"]
[WhiteElo "2055"]
[BlackElo "2293"]
[WhiteTeam "Kallithea CC"]
[BlackTeam "Aigialeias Chess Union"]
[WhiteFideId "4207750"]
[BlackFideId "13903063"]
[EventDate "2011.07.03"]

1. e4 c5 2. Nf3 d6 3. d4 cxd4 4. Nxd4 Nf6 5. Nc3 a6 6. Bd3 e5 7. Nb3 Be7 8. O-O
Be6 9. f4 exf4 10. Bxf4 Nc6 11. Kh1 O-O 12. Nd5 Ng4 13. c4 Bg5 14. Qd2 Bxf4 15.
Qxf4 Nge5 16. Be2 a5 17. a4 Rc8 18. Rfd1 Ne7 19. c5 Bxd5 20. exd5 N7g6 21. Qd2
dxc5 22. Nxa5 b6 23. Nc4 Nxc4 24. Bxc4 Qd6 25. a5 Ne5 26. b3 bxa5 27. Rxa5 Ng4
28. g3 Ra8 29. Rxa8 Rxa8 30. Qe2 Nf6 31. Re1 Kf8 32. Qd3 h6 33. Qf5 g6 34. Qf3
Kg7 35. Kg1 h5 36. Qc3 Kg8 37. Rf1 Ng4 38. Qf3 Nh6 39. Bb5 Ra7 40. Bc6 Nf5 41.
Qf2 Re7 42. Ra1 Re3 43. Ra8+ Kg7 44. Qb2+ Nd4 45. b4 Re2 46. Qc3 Qf6 0-1

[Event "39th TCh-GRE"]
[Site "Eretria GRE"]
[Date "2011.07.05"]
[Round "4.16"]
[White "Bakoyannis, Thodoris"]
[Black "Kourkoulos-Arditis, Stamatis"]
[Result "0-1"]
[WhiteElo "1629"]
[BlackElo "2123"]
[WhiteTeam "Aigialeias Chess Union"]
[BlackTeam "Kallithea CC"]
[WhiteFideId "4252837"]
[BlackFideId "4221990"]
[EventDate "2011.07.03"]

1. e4 c5 2. Nc3 e6 3. g3 Nc6 4. Bg2 g6 5. d3 Bg7 6. Be3 d6 7. f4 Nge7 8. Nf3 O-O
9. O-O Rb8 10. Qd2 b5 11. a3 a5 12. Rae1 b4 13. axb4 axb4 14. Nd1 Ba6 15. e5 Nf5
16. Bf2 b3 17. c3 dxe5 18. Bxc5 Re8 19. fxe5 Bxd3 20. Rf2 Rb5 21. Nd4 Ncxd4 22.
Bxd4 Nxd4 23. Qxd3 Nc2 24. Qxb5 Nxe1 25. Kf1 Nc2 26. Ke2 Bh6 27. Qd3 Qxd3+ 28.
Kxd3 Rd8+ 29. Kc4 Rxd1 30. Kxb3 Ne3 31. Bf3 Rd8 32. Ka2 Nc4 33. b4 Nxe5 34. Kb3
Nxf3 35. Rxf3 e5 36. h4 e4 37. Rf1 Bd2 38. Rf2 e3 39. Re2 Rd3 40. b5 Rxc3+ 41.
Kb4 Rc1+ 42. Ka4 Re1 43. Rg2 e2 44. b6 Ra1+ 0-1

[Event "39th TCh-GRE"]
[Site "Eretria GRE"]
[Date "2011.07.05"]
[Round "4.17"]
[White "Petr, Martin"]
[Black "Tepelenis, Nikolaos"]
[Result "1-0"]
[WhiteTitle "GM"]
[WhiteElo "2523"]
[BlackElo "2156"]
[WhiteTeam "CC Amfissa"]
[BlackTeam "Association of Chess Players of Ioannina"]
[WhiteFideId "318299"]
[BlackFideId "4207599"]
[EventDate "2011.07.03"]

1. e4 e6 2. Qe2 c5 3. Nf3 Nc6 4. g3 Nge7 5. Bg2 g6 6. d3 Bg7 7. c3 d5 8. O-O h6
9. h4 b6 10. e5 a5 11. a4 Ba6 12. Na3 Na7 13. Bf4 Qd7 14. Qd2 Nec6 15. Rfe1
O-O-O 16. Nc2 Bf8 17. d4 Kb7 18. b3 Ka8 19. Red1 h5 20. Rab1 Be7 21. Bg5 Rb8 22.
c4 dxc4 23. bxc4 Bxc4 24. dxc5 Qxd2 25. Nxd2 Bd3 26. Nd4 Bxb1 27. Nxc6 Bxg5 28.
Nxa5+ Nc6 29. hxg5 bxa5 30. Bxc6+ Ka7 31. Nxb1 Rhd8 32. Rc1 Rbc8 33. Bg2 Rd3 34.
c6 Kb6 35. Nc3 Rcd8 36. Rb1+ Kc5 37. c7 Rc8 38. Nb5 1-0

[Event "39th TCh-GRE"]
[Site "Eretria GRE"]
[Date "2011.07.05"]
[Round "4.17"]
[White "Basios, Athanasios"]
[Black "Balaskas, Panayotis"]
[Result "0-1"]
[WhiteElo "1916"]
[BlackElo "2043"]
[WhiteTeam "Association of Chess Players of Ioannina"]
[BlackTeam "CC Amfissa"]
[WhiteFideId "4215494"]
[BlackFideId "4201302"]
[EventDate "2011.07.03"]

1. d4 Nf6 2. c4 e6 3. Nf3 b6 4. g3 Bb7 5. Bg2 c5 6. d5 exd5 7. Nh4 g6 8. cxd5
Bg7 9. Nc3 O-O 10. O-O d6 11. Rb1 Qd7 12. e4 b5 13. b4 Rc8 14. bxc5 Rxc5 15. Bd2
a5 16. Re1 Na6 17. a4 b4 18. Nb5 Ne8 19. Bf1 Nac7 20. Be3 Nxb5 21. axb5 Rxb5 22.
Nf5 gxf5 23. Bh3 Bc8 24. Bd4 Qd8 25. Bxg7 Nxg7 26. exf5 Qf6 27. g4 h5 28. f3 Bb7
29. Bf1 Rxd5 30. Qc1 hxg4 0-1

[Event "39th TCh-GRE"]
[Site "Eretria GRE"]
[Date "2011.07.05"]
[Round "4.17"]
[White "Kakkanas, Evangelos"]
[Black "Papathanasiou, Alexios"]
[Result "1-0"]
[WhiteElo "1976"]
[BlackElo "1717"]
[WhiteTeam "CC Amfissa"]
[BlackTeam "Association of Chess Players of Ioannina"]
[WhiteFideId "4205049"]
[BlackFideId "4222679"]
[EventDate "2011.07.03"]

1. d4 d5 2. c4 e5 3. dxe5 d4 4. Nf3 Nc6 5. a3 a5 6. Nbd2 Nge7 7. Nb3 Nf5 8. g4
Nh4 9. Bf4 Bxg4 10. Nfxd4 a4 11. Nxc6 Qxd1+ 12. Rxd1 axb3 13. Nd4 Bxa3 14. bxa3
Rxa3 15. Bc1 Ra4 16. Rg1 Bh5 17. Nxb3 Rxc4 18. Na5 1-0

[Event "39th TCh-GRE"]
[Site "Eretria GRE"]
[Date "2011.07.05"]
[Round "4.17"]
[White "Kazaglis, Dimitrios-Stefanos"]
[Black "Sigkounas, Alkis"]
[Result "0-1"]
[WhiteElo "1690"]
[BlackElo "1727"]
[WhiteTeam "CC Amfissa"]
[BlackTeam "Association of Chess Players of Ioannina"]
[WhiteFideId "4231112"]
[BlackFideId "4238842"]
[EventDate "2011.07.03"]

1. Nf3 Nf6 2. c4 e6 3. g3 d5 4. Bg2 Nbd7 5. O-O c6 6. d4 Bd6 7. Nc3 O-O 8. b3
Re8 9. Bb2 Qe7 10. e3 Bc7 11. Qc2 dxc4 12. bxc4 e5 13. d5 Nb6 14. Nd2 Bd7 15. e4
Qc5 16. Qb3 Rec8 17. Ba3 Qd4 18. Rfd1 Ng4 19. Rf1 Qxd2 20. Rad1 Qh6 21. h3 Nf6
22. Kh2 cxd5 23. exd5 Bf5 24. Be7 Bd8 25. Bxd8 Rxd8 26. c5 Nbd7 27. Qb4 a5 28.
Qb5 Rac8 29. c6 bxc6 30. dxc6 Nf8 31. Rxd8 Rxd8 32. c7 Rc8 33. Qxa5 Ne6 34. Qxe5
Ng4+ 0-1

[Event "39th TCh-GRE"]
[Site "Eretria GRE"]
[Date "2011.07.06"]
[Round "5.1"]
[White "Antic, Dejan"]
[Black "Kotronias, Vasilios"]
[Result "0-1"]
[WhiteTitle "GM"]
[BlackTitle "GM"]
[WhiteElo "2487"]
[BlackElo "2588"]
[WhiteTeam "CC Kavala"]
[BlackTeam "SS Peristeri"]
[WhiteFideId "901008"]
[BlackFideId "5900212"]
[EventDate "2011.07.03"]

1. d4 d5 2. Nf3 c5 3. c4 e6 4. cxd5 exd5 5. g3 Nc6 6. Bg2 Nf6 7. O-O Be7 8. dxc5
Bxc5 9. Nc3 O-O 10. Na4 Be7 11. Be3 Bg4 12. Rc1 Re8 13. Nc5 Bxc5 14. Rxc5 Qd7
15. Re1 h6 16. Nd4 Bh3 17. Nxc6 bxc6 18. Qa4 Bxg2 19. Kxg2 Rac8 20. Rd1 Re4 21.
Rd4 Re5 22. Ra5 Qe6 23. Rxa7 c5 24. Ra6 Qe7 25. Ra7 Qd6 26. Ra6 Qd8 27. Rd2 Ne4
28. Rd1 d4 29. Bf4 Qd5 30. Kg1 Ree8 31. Ra7 Nf6 32. Qc2 Re6 33. Ra5 g5 34. Bc1
Nd7 35. b4 Rce8 36. Qb3 Qc6 37. Qa4 Qxa4 38. Rxa4 Rxe2 39. Kf1 Rc2 40. bxc5 Ree2
41. Bd2 Rexd2 42. Rxd2 Rxd2 43. c6 Nb6 44. c7 Rc2 45. Rxd4 Kg7 46. h4 Rxc7 47.
hxg5 hxg5 48. Rg4 f6 49. Rb4 Nd5 50. Rb5 Rc1+ 51. Kg2 Nc3 52. Ra5 g4 53. a4 Ne4
54. Rf5 Kg6 55. Rf4 f5 0-1